000 00719nam a2200229Ia 4500
005 20150624155501.0
010 _aBAC-EN21 ENG-111949
020 _a9780143422808
_c499.00
035 _aEN-95481
035 _aB-580633-652
037 _bAakar/Ven
_adpl
037 _bDBAD/PUB
082 _aN
100 _aFreeman, Ru
245 _aOn sal mal lane /
_cby Ru Freeman
260 _c2014
_aNew Delhi
_bPenguin Books
270 _a11 Community Centre, Panchsheel Park
_bNew Delhi
_e110017
300 _c23cm(pbk)
_a388p.
650 _aConflict of generations
_vFiction.
942 _cEN
_2ddc
_mFRE
_hN
999 _c88760
_d88760